| 000 -LEADER |
| fixed length control field |
01525nam a2200253Ia 4500 |
| 001 - CONTROL NUMBER |
| control field |
8167 |
| 003 - CONTROL NUMBER IDENTIFIER |
| control field |
GE_BSU |
| 005 - DATE AND TIME OF LATEST TRANSACTION |
| control field |
20240401113021.0 |
| 008 - FIXED-LENGTH DATA ELEMENTS--GENERAL INFORMATION |
| fixed length control field |
181216s2013||||ru |||||||||||||| ||rus|| |
| 020 ## - INTERNATIONAL STANDARD BOOK NUMBER |
| International Standard Book Number |
9789941057083 |
| 040 ## - CATALOGING SOURCE |
| Transcribing agency |
GE_BSU |
| 041 ## - LANGUAGE CODE |
| Language code of text/sound track or separate title |
rus |
| 080 ## - UNIVERSAL DECIMAL CLASSIFICATION NUMBER |
| Universal Decimal Classification number |
821.353.1.09 (063) И-25 |
| 245 ## - TITLE STATEMENT |
| Title |
"Иверский свет" русско-грузинские поэтические связи XX века : |
| Remainder of title |
Научно-практическая конференция, (Грузия, Тбилиси, 14 июля 2013 года) : Сборник / |
| Statement of responsibility, etc. |
Международный культурно-просветительский союз "Русский клуб", Институт грузинской литературы им. Шота Руставели. |
| 264 ## - PRODUCTION, PUBLICATION, DISTRIBUTION, MANUFACTURE, AND COPYRIGHT NOTICE |
| Place of production, publication, distribution, manufacture |
Тбилиси. |
| Name of producer, publisher, distributor, manufacturer |
Международный культурно-просветительский Союз "Русский клуб", |
| Date of production, publication, distribution, manufacture, or copyright notice |
2013. |
| 300 ## - PHYSICAL DESCRIPTION |
| Extent |
83 с. ; |
| Dimensions |
20 см. |
| 653 ## - INDEX TERM--UNCONTROLLED |
| keyword |
Иверский свет русско-грузинские поетические связи XX века. |
| 700 ## - ADDED ENTRY--PERSONAL NAME |
| Personal name |
Мегрелишвили, Татьяна |
| Relator term |
ავტორი. |
| 9 (RLIN) |
21646 |
| 700 ## - ADDED ENTRY--PERSONAL NAME |
| Personal name |
Модебадзе, Иринэ |
| Relator term |
ავტორი. |
| 9 (RLIN) |
21647 |
| 700 ## - ADDED ENTRY--PERSONAL NAME |
| Personal name |
Филина, Мария |
| Relator term |
ავტორი. |
| 9 (RLIN) |
21648 |
| 700 ## - ADDED ENTRY--PERSONAL NAME |
| Personal name |
Элбакидзе, Мака |
| Relator term |
ავტორი. |
| 9 (RLIN) |
21649 |
| 710 ## - ADDED ENTRY--CORPORATE NAME |
| Corporate name or jurisdiction name as entry element |
Институт грузинской литературы им. Шота Руставели |
| 9 (RLIN) |
21650 |
| 942 ## - ADDED ENTRY ELEMENTS (KOHA) |
| Koha item type |
წიგნი |
| Source of classification or shelving scheme |
|